Frontex, première et dernière « armée » d’Europe ? (notice n° 1630882)

détails MARC
000 -LEADER
fixed length control field 01612cam a2200217 4500500
005 - DATE AND TIME OF LATEST TRANSACTION
control field 20260111104513.0
041 ## - LANGUAGE CODE
Language code of text/sound track or separate title fre
042 ## - AUTHENTICATION CODE
Authentication code dc
100 10 - MAIN ENTRY--PERSONAL NAME
Personal name Canvel, Thomas
Relator term author
245 00 - TITLE STATEMENT
Title Frontex, première et dernière « armée » d’Europe ?
260 ## - PUBLICATION, DISTRIBUTION, ETC.
Date of publication, distribution, etc. 2025.<br/>
500 ## - GENERAL NOTE
General note 59
520 ## - SUMMARY, ETC.
Summary, etc. En 2004 a été créée Frontex, l’agence européenne pour la gestion de la coopération opérationnelle aux frontières extérieures des États membres de l’Union européenne. Au fil des années, son périmètre d’action s’est accru. Dotée de moyens propres, Frontex est devenue une agence supranationale dans un domaine régalien essentiel. Ce fédéralisme à bas bruit a suscité de vives critiques, d’autant que les modalités de contrôle des flux migratoires sont sujettes à controverses.
520 ## - SUMMARY, ETC.
Summary, etc. Frontex, the European agency for managing operational cooperation at the external borders of European Union member states, was created in 2004. As the years have passed, its scope has grown. Having been given its own resources, Frontex has become a supranational agency operating in a key sovereign domain. This quiet federalism has met with fierce criticism, especially as the methods used to control migration flows have also been controversial.
690 ## - LOCAL SUBJECT ADDED ENTRY--TOPICAL TERM (OCLC, RLIN)
Topical term or geographic name as entry element Frontex
690 ## - LOCAL SUBJECT ADDED ENTRY--TOPICAL TERM (OCLC, RLIN)
Topical term or geographic name as entry element Immigration illégale
690 ## - LOCAL SUBJECT ADDED ENTRY--TOPICAL TERM (OCLC, RLIN)
Topical term or geographic name as entry element Politique migratoire
690 ## - LOCAL SUBJECT ADDED ENTRY--TOPICAL TERM (OCLC, RLIN)
Topical term or geographic name as entry element Union européenne
786 0# - DATA SOURCE ENTRY
Note Politique étrangère | Hiver | 4 | 2025-11-28 | p. 119-129 | 0032-342X
856 41 - ELECTRONIC LOCATION AND ACCESS
Uniform Resource Identifier <a href="https://shs.cairn.info/revue-politique-etrangere-2025-4-page-119?lang=fr&redirect-ssocas=7080">https://shs.cairn.info/revue-politique-etrangere-2025-4-page-119?lang=fr&redirect-ssocas=7080</a>

Pas d'exemplaire disponible.

PLUDOC

PLUDOC est la plateforme unique et centralisée de gestion des bibliothèques physiques et numériques de Guinée administré par le CEDUST. Elle est la plus grande base de données de ressources documentaires pour les Étudiants, Enseignants chercheurs et Chercheurs de Guinée.

Adresse

627 919 101/664 919 101

25 boulevard du commerce
Kaloum, Conakry, Guinée

Réseaux sociaux

Powered by Netsen Group @ 2025